000 00723nam a22001817a 4500
999 _c100267
_d100267
008 201130b ||||| |||| 00| 0 eng d
040 _bger
_cDE-2950
_erda
_aDE-2950
041 _ager
100 _aMahlke, Lisa:
245 _aElternbeiträge sinken für viele.
_bKrippe, Kita, Hort: Die Stadtverordneten haben am Donnerstag eine Änderung der Elternbeitragsordnung beschlossen. Sie gilt ab August /
_cLisa Mahlke
653 _aFrankfurt (Oder)
653 _aKinderbetreuung
773 _dFrankfurt (Oder): Märkisches Verlags- und Druckhaus GmbH & Co KG
_g32. Jahrgang (2021) Nr. 105 vom 07.05.2021, S. 13
_tMärkische Oderzeitung
942 _cA